000 00539nam a2200181Ia 4500
003 GCL
008 140319s9999 xx 000 0 ara d
040 _aGCL /
_cGCL
082 0 4 _a813.01
_bس ا
100 1 _aسعيد عبدالكريم
245 1 0 _aانغام الوفاء والامل /
_cسعيد عبدالكريم
260 _a[S.N] :
_bدار الشعب للطباعة والنشر ،
_c1978
300 _a116 ص
490 _a
650 0 4 _aالادب العربى
650 0 4 _aالقصص العربية
942 _2ddc
_cBK
999 _c29603
_d29603